<?xml version="1.0" encoding="UTF-8"?>
<record
    xmlns:xsi="http://www.w3.org/2001/XMLSchema-instance"
    xsi:schemaLocation="http://www.loc.gov/MARC21/slim http://www.loc.gov/standards/marcxml/schema/MARC21slim.xsd"
    xmlns="http://www.loc.gov/MARC21/slim">

  <leader>00822cam a22002774a 4500</leader>
  <datafield tag="999" ind1=" " ind2=" ">
    <subfield code="c">11210</subfield>
    <subfield code="d">11210</subfield>
  </datafield>
  <controlfield tag="001">YPZ9535</controlfield>
  <controlfield tag="003">AR-RgUNPA</controlfield>
  <controlfield tag="005">20260218082317.0</controlfield>
  <controlfield tag="008">060802s1972    ag     grb||| 001 ||spa|d</controlfield>
  <datafield tag="040" ind1=" " ind2=" ">
    <subfield code="c">SIUNPA</subfield>
    <subfield code="a">SIUNPA</subfield>
    <subfield code="b">spa</subfield>
    <subfield code="e">AACR2</subfield>
  </datafield>
  <datafield tag="041" ind1=" " ind2=" ">
    <subfield code="a">spa</subfield>
  </datafield>
  <datafield tag="044" ind1=" " ind2=" ">
    <subfield code="a">ag</subfield>
  </datafield>
  <datafield tag="080" ind1=" " ind2=" ">
    <subfield code="a">572.9(82) A265d</subfield>
  </datafield>
  <datafield tag="100" ind1=" " ind2=" ">
    <subfield code="a">Ag&#xFC;ero Vera, Juan Zacar&#xED;as, </subfield>
    <subfield code="4">, autor</subfield>
    <subfield code="d">1888-1943</subfield>
  </datafield>
  <datafield tag="245" ind1=" " ind2=" ">
    <subfield code="a">Divinidades diaguitas</subfield>
    <subfield code="b">/ J. Z. Ag&#xFC;ero Vera</subfield>
  </datafield>
  <datafield tag="250" ind1=" " ind2=" ">
    <subfield code="a">1a. ed.</subfield>
  </datafield>
  <datafield tag="260" ind1=" " ind2=" ">
    <subfield code="a">San Miguel de Tucum&#xE1;n </subfield>
    <subfield code="b">: Universidad Nacional de Tucum&#xE1;n. Facultad de Filosof&#xED;a y Letras</subfield>
    <subfield code="c">, 1972</subfield>
  </datafield>
  <datafield tag="300" ind1=" " ind2=" ">
    <subfield code="a">226 p. </subfield>
  </datafield>
  <datafield tag="490" ind1=" " ind2=" ">
    <subfield code="a">(Cuadernos de humanitas</subfield>
    <subfield code="v">; no. 41) </subfield>
  </datafield>
  <datafield tag="650" ind1=" " ind2=" ">
    <subfield code="a">DIAGUITAS</subfield>
  </datafield>
  <datafield tag="650" ind1=" " ind2=" ">
    <subfield code="a">INDIGENA</subfield>
  </datafield>
  <datafield tag="650" ind1=" " ind2=" ">
    <subfield code="a">HISTORIA ARGENTINA</subfield>
  </datafield>
  <datafield tag="650" ind1=" " ind2=" ">
    <subfield code="a">RELIGION</subfield>
  </datafield>
  <datafield tag="651" ind1=" " ind2="0">
    <subfield code="9">28</subfield>
    <subfield code="a">REGION PATAGONICA (ARGENTINA)</subfield>
  </datafield>
  <datafield tag="942" ind1=" " ind2=" ">
    <subfield code="c">BK</subfield>
    <subfield code="2">udc</subfield>
  </datafield>
  <datafield tag="952" ind1=" " ind2=" ">
    <subfield code="0">0</subfield>
    <subfield code="1">0</subfield>
    <subfield code="2">udc</subfield>
    <subfield code="4">0</subfield>
    <subfield code="7">0</subfield>
    <subfield code="8">CG</subfield>
    <subfield code="a">BIB_RECT</subfield>
    <subfield code="b">BIB_UARG</subfield>
    <subfield code="d">2006-08-28</subfield>
    <subfield code="e">Migraci&#xF3;n UARG</subfield>
    <subfield code="i">05-02409</subfield>
    <subfield code="o">572.9(82) A265d</subfield>
    <subfield code="p">05-02409</subfield>
    <subfield code="r">2019-04-03</subfield>
    <subfield code="w">2026-02-12</subfield>
    <subfield code="y">BK</subfield>
  </datafield>
</record>
